One Piece - Membres de la flotte du Chapeau de paille - Statistiques

Statistiques générales
  • Ce quiz a été pris 670 fois
    650 depuis la dernière actualisation
  • Le résultat moyen est 11 sur 36
Statistiques - réponses
Flotte % Correct
Bartolomeo
97%
Cavendish
87%
Léo
86%
Ideo
79%
Hajrudin
65%
Don Sai
61%
Don Chinjao
58%
Baby 5
54%
Orlumbus
53%
Blue Gilly
43%
Don Boo
42%
Suleyman
38%
Jeet
36%
Abdullah
35%
Kabu
33%
Bianne
29%
Farul
27%
Columbus
20%
Ganbia
15%
Road
15%
Goldberg
13%
Stansen
12%
Wicca
11%
Bomba
9%
Cotton
9%
Flapper
9%
Gerth
8%
Inhel
8%
Bobomba
7%
Rampo
7%
Baxcon
6%
Daikon
5%
Nubon
5%
Pellini
5%
Chao
4%
Mauji
3%
Aucun quiz correspondant
Distribution des résultats
% des personnes avec chaque résultat
Percentile par nombre de réponses
Votre historique - résultats
Vous n’avez pas pris ce quiz depuis la dernière actualisation